000 00743nam a2200193 a 4500
001 000044049
005 20201002045120.0
008 140514s1999 sp 000 0 spa d
020 _a842065445X
040 _aDO-SdBNP
_bspa
_cBNPHU
100 1 _aBirkerts, Sven
_972033
240 1 0 _aThe Gutenberg elegies
_lespañol
245 1 0 _aElegía a Gutenberg :
_bel futuro de la lectura en la era electrónica /
_cSven Birkerts ; versión española de Daniel Manzanares.
260 _aMadrid :
_bAlianza Literaria,
_c1999.
300 _a295 p. ;
_c22 cm.
500 _aIncluye datos biográficos del autor en la solapa de la cubierta
504 _aIncluye referencias bibliográficas y notas al pie de las páginas
504 _aBibliografía : p. 295
999 _c43538
_d43538